Introductory chemistry : (Record no. 127375)
[ view plain ]
| 000 -LEADER | |
|---|---|
| fixed length control field | 01201cam a2200241 a 4500 |
| 008 - FIXED-LENGTH DATA ELEMENTS--GENERAL INFORMATION | |
| fixed length control field | |
| 020 ## - INTERNATIONAL STANDARD BOOK NUMBER | |
| International Standard Book Number | 0131448390 (hbk.) |
| 049 ## - LOCAL HOLDINGS (OCLC) | |
| Holding library | MAIN |
| 090 ## - LOCALLY ASSIGNED LC-TYPE CALL NUMBER (OCLC); LOCAL CALL NUMBER (RLIN) | |
| Classification number (OCLC) (R) ; Classification number, CALL (RLIN) (NR) | QD33.2 |
| Local cutter number (OCLC) ; Book number/undivided call number, CALL (RLIN) | COR |
| 003 - CONTROL NUMBER IDENTIFIER | |
| control field | |
| 005 - DATE AND TIME OF LATEST TRANSACTION | |
| control field | 20230123122056.0 |
| 040 ## - CATALOGING SOURCE | |
| Transcribing agency | NUST |
| 100 1# - MAIN ENTRY--PERSONAL NAME | |
| Personal name | Corwin, Charles H. |
| 245 10 - TITLE STATEMENT | |
| Title | Introductory chemistry : |
| Remainder of title | concepts & connections / |
| Statement of responsibility, etc. | Charles H. Corwin ; instructor edition annotations by Leslie Hersh. |
| 250 ## - EDITION STATEMENT | |
| Edition statement | 4th ed. |
| 260 ## - PUBLICATION, DISTRIBUTION, ETC. | |
| Place of publication, distribution, etc. | Upper Saddle River, N.J. : |
| Name of publisher, distributor, etc. | Pearson Prentice Hall, |
| Date of publication, distribution, etc. | c2005. |
| 300 ## - PHYSICAL DESCRIPTION | |
| Extent | xxii, 631 p. : |
| Other physical details | ill. (chiefly col.) ; |
| Dimensions | 29 cm. |
| 500 ## - GENERAL NOTE | |
| General note | Includes index. |
| 505 0# - FORMATTED CONTENTS NOTE | |
| Formatted contents note | Introduction to chemistry -- Scientific measurements -- The metric system -- Matter and energy -- Models of the atom -- The periodic table -- Language of chemistry -- Chemical reactions -- The mole concept -- Stoichiometry -- The gaseous state -- Chemical bonding -- Liquids and solids -- Solutions -- Acids and bases -- Chemical equilibrium -- Oxidation and reduction -- Nuclear chemistry -- Organic chemistry -- Biochemistry -- Appendices. |
| 650 #0 - SUBJECT ADDED ENTRY--TOPICAL TERM | |
| Topical term or geographic name entry element | Chemistry |
| Form subdivision | Textbooks. |
| 907 ## - LOCAL DATA ELEMENT G, LDG (RLIN) | |
| a | .b10343775 |
| b | 25-06-14 |
| c | 25-06-14 |
| 942 ## - ADDED ENTRY ELEMENTS (KOHA) | |
| Koha item type | Ordinary Loan Books |
| Call number prefix | QD33.2 |
| Call number suffix | COR |
| Date last seen | Total Checkouts | Full call number | Barcode | Cost, replacement price | Price effective from | Koha item type | Lost status | Source of classification or shelving scheme | Damaged status | Not for loan | Collection | Withdrawn status | Home library | Current library | Shelving location | Date acquired | Cost, normal purchase price |
|---|---|---|---|---|---|---|---|---|---|---|---|---|---|---|---|---|---|
| 01/23/2023 | 4 | QD33.2 COR | 92004035609 | 80.00 | 01/23/2023 | BOOKS | LCC | NFIC | MAIN | MAIN | GEN | 01/23/2023 | 80.00 |